Normal view
MARC view
- الاسلام- الفقه الاسلامي- اختلاف في الاسلام
Entry Topical Term
001 - CONTROL NUMBER
- control field: 9685
003 - CONTROL NUMBER IDENTIFIER
- control field: JO-AjAnu
005 - DATE AND TIME OF LATEST TRANSACTION
- control field: 20230606071846.0
008 - FIXED-LENGTH DATA ELEMENTS
- fixed length control field: 230606|| aca||aabn | a|a d
040 ## - CATALOGING SOURCE
- Original cataloging agency: JO-AjAnu
- Transcribing agency: JO-AjAnu
150 ## - HEADING--TOPICAL TERM
- Topical term or geographic name entry element: الاسلام- الفقه الاسلامي- اختلاف في الاسلام
670 ## - SOURCE DATA FOUND
- Source citation: Work cat.: (JO-AjAnu)4994: الجندي،رندا عوني عبد القادر ، تقديم: أحمد نوفل, author 9684, قصة الإختلاف دراسة سننية